Sports Quiz

Random Sports or Numbers Quiz

Name the 2010 Cowboys by number Quiz Stats

Quiz not verified by Sporcle

Challenge
Share
Tweet
Embed
Score 0/62 Timer 10:00
0 Plays Today
Number Player % Correct
9Tony Romo
90.9%
3Jon Kitna
86.4%
19Miles Austin
86.4%
1Mat McBriar
77.3%
24Marion Barber
77.3%
11Roy Williams
72.7%
23Tashard Choice
72.7%
28Felix Jones
72.7%
82Jason Witten
72.7%
94DeMarcus Ware
72.7%
88Dez Bryant
72.7%
41Terence Newman
68.2%
7Stephen McGee
63.6%
18David Buehler
63.6%
21Mike Jenkins
63.6%
51Keith Brooking
54.5%
65Andre Gurode
50%
90Jay Ratliff
50%
20Alan Ball
45.5%
32Orlando Scandrick
45.5%
56Bradie James
45.5%
68Doug Free
45.5%
80Martellus Bennett
45.5%
93Anthony Spencer
45.5%
17Sam Hurd
45.5%
96Marcus Spears
45.5%
43Gerald Sensabaugh
40.9%
75Marc Colombo
40.9%
44Chris Gronkowski
36.4%
63Kyle Kosier
36.4%
70Leonard Davis
36.4%
Number Player % Correct
71Alex Barron
36.4%
50Sean Lee
31.8%
85Kevin Ogletree
31.8%
89John Phillips
31.8%
10Teddy Williams
27.3%
37Bryan McCann
27.3%
64Montrae Holland
27.3%
72Stephen Bowen
27.3%
97Jason Hatcher
27.3%
52Leon Williams
27.3%
42Barry Church
22.7%
57Victor Butler
22.7%
99Igor Olshansky
22.7%
27Akwasi Owusu-Ansah
22.7%
16Jesse Holley
18.2%
59Brandon Williams
18.2%
67Phil Costa
18.2%
2Kris Brown
13.6%
35Lonyae Miller
13.6%
40Danny McCray
13.6%
91L.P. Ladouceur
13.6%
92Josh Brent
13.6%
95Sean Lissemore
13.6%
14Chris Greisen
9.1%
15Manuel Johnson
9.1%
36Andrew Sendejo
9.1%
66Clifton Geathers
9.1%
76Sam Young
9.1%
78Jermey Parnell
9.1%
83Martin Rucker
9.1%
54Kenwin Cummings
4.5%

You're not logged in!

Compare scores with friends on all Sporcle quizzes.
Join for Free
OR
Log In

You Might Also Like...

Show Comments

Extras

Top Quizzes Today


Score Distribution

Your Account Isn't Verified!

In order to create a playlist on Sporcle, you need to verify the email address you used during registration. Go to your Sporcle Settings to finish the process.

Report this User

Report this user for behavior that violates our Community Guidelines.

Details: